Geology and ore deposits of the upper Blue River area, Summit County, Colorado / (Record no. 28637)

MARC details
000 -LEADER
fixed length control field 01135cam a22003131a 4500
001 - CONTROL NUMBER
control field gs 52000125
003 - CONTROL NUMBER IDENTIFIER
control field DLC
005 - DATE AND TIME OF LATEST TRANSACTION
control field 20260227111358.0
008 - FIXED-LENGTH DATA ELEMENTS--GENERAL INFORMATION
fixed length control field 780629s1951 dcuab b f000 0 eng
010 ## - LIBRARY OF CONGRESS CONTROL NUMBER
LC control number gs 52000125
035 ## - SYSTEM CONTROL NUMBER
System control number (OCoLC)4017323
040 ## - CATALOGING SOURCE
Original cataloging agency DLC
Transcribing agency OClU
Modifying agency DNAL
-- DLC
050 00 - LIBRARY OF CONGRESS CALL NUMBER
Classification number QE75
Item number .B9 no. 970
051 ## - LIBRARY OF CONGRESS COPY, ISSUE, OFFPRINT STATEMENT
Classification number QE92.S8
Item number S5
070 0# - NATIONAL AGRICULTURAL LIBRARY CALL NUMBER
Classification number 407
Item number G29B no.970
072 0# - SUBJECT CATEGORY CODE
Subject category code X400
082 ## - DEWEY DECIMAL CLASSIFICATION NUMBER
Classification number 557.88
100 1# - MAIN ENTRY--PERSONAL NAME
Personal name Singewald, Quentin D.
Fuller form of name (Quentin Dreyer),
Dates associated with a name 1902-
245 10 - TITLE STATEMENT
Title Geology and ore deposits of the upper Blue River area, Summit County, Colorado /
Statement of responsibility, etc. by Quentin D. Singewald.
260 ## - PUBLICATION, DISTRIBUTION, ETC.
Place of publication, distribution, etc. Washington, [D.C.] :
Name of publisher, distributor, etc. U.S. G.P.O.,
Date of publication, distribution, etc. 1951.
300 ## - PHYSICAL DESCRIPTION
Extent v, 74 p. :
Other physical details ill., maps ;
Dimensions 24 cm.
440 #0 - SERIES STATEMENT/ADDED ENTRY--TITLE
Title Geological Survey bulletin ;
Volume/sequential designation 970
500 ## - GENERAL NOTE
General note Seven folded leaves in pocket.
500 ## - GENERAL NOTE
General note Prepared in cooperation with the Colorado Geological Survey Board and the Colorado Metal Mining Fund.
504 ## - BIBLIOGRAPHY, ETC. NOTE
Bibliography, etc. note Bibliography: p. 72.
650 #0 - SUBJECT ADDED ENTRY--TOPICAL TERM
Topical term or geographic name entry element Geology
Geographic subdivision Colorado
-- Summit County.
650 #0 - SUBJECT ADDED ENTRY--TOPICAL TERM
Topical term or geographic name entry element Ore deposits
Geographic subdivision Colorado
-- Summit County.
650 #0 - SUBJECT ADDED ENTRY--TOPICAL TERM
Topical term or geographic name entry element Mines and mineral resources
Geographic subdivision Colorado
-- Summit County.

No items available.

Powered by Koha